00369nam a2200121Ia 4500008004100000082001900041100001600060245001900076260002500095300001000120630001800130650009900148211109s9999||||xx |||||||||||||| ||und|| a891.434bMAJ-N aMajumdar, B 0aNagarik Sastra bUn KnownaRomec1953 a215p. xGeneral Stack aALTAIC, URALIC, HYPERBOREAN AND DRAVIDIANvLITERATURES OF OTHER LANGUAGESLITERATURExGeneralia